000 00315nam a22001337a 4500
008 170619b xxu||||| |||| 00| 0 eng d
020 _a9780813322605
041 _aeng
080 _a94
100 _a20
101 _aSHP
245 _aTHEN UNITRD NATIONS POST COLD WAR ERA
_cMINGST.K.A
942 _2udc
_cBK
999 _c18077
_d18077